000 00679nam a22002537a 4500
001 BR8800148
003 BR-BrBNA
005 20230928092814.0
007 ta
008 230509b bl.||||| |||| 00| 0 por d
040 _aBR-BrBNA
_bpor
_cBiblioteca Nacional de Agricultura
041 _a(Por)
072 _aF01
_b0312
090 _ 0312 BR8800148
100 1 _aSantos, J.C.
110 1 _aComissao Executiva do Plano da Lavoura Cacaueira, Ilheus, BA (Brasil)
_92106
245 1 _aBibliografia de dende
260 3 _aIlheus, BA (Brasil):
_c1984.
300 _a189 p.
650 _aDENDE
650 _aBIBLIOGRAFIA
909 _a202309
_bLucia
_c55
_dLucia Elande
942 _cBK
999 _c41297
_d41297